|
|
|
|
| LEADER |
00000nam a22000007a 4500 |
| 005 |
20140827214648.0 |
| 007 |
cr|||| |||| |
| 008 |
140827s2014 ar |||||s|||| 00||0 spa d |
| 020 |
|
|
|a 978-950-536-248-6
|
| 035 |
|
|
|a 12353
|
| 040 |
|
|
|a vLex
|
| 090 |
|
|
|c 5134
|d 5134
|
| 100 |
1 |
|
|a Frondizi, Romǹ Julio
|
| 245 |
1 |
3 |
|a El Derecho, el juez, la justicia.
|h [Recurso electrn̤ico] :
|b Desde las visiones del jurista, del socil̤ogo y del fils̤ofo /
|c Romǹ Julio Frondizi
|
| 256 |
|
|
|a Servicio en ln̕ea
|
| 260 |
|
|
|a La Plata:
|b Editora Platense,
|c 2014
|
| 300 |
|
|
|a 1 recurso electrn̤ico
|
| 506 |
1 |
|
|a Disponible solo en los productos indicados
|d vLex Global
|d vLex Global (Academic Edition, excluding Law Schools)
|d vLex Global (U.S. Academic Edition, Law Schools)
|d vLex Global (U.S. Academic Edition, excluding Law Schools)
|d vLex Global (Academic Edition, Law Schools)
|
| 650 |
0 |
4 |
|a Derecho Civil
|z Argentina
|
| 740 |
0 |
|
|a vLex Libros (Servicio en ln̕ea)
|
| 856 |
4 |
0 |
|u http://vlex.com/source/derecho-el-juez-la-justicia-desde-las-visiones-del-jurista-del-sociologo-y-del-filosofo-12353
|z Acceso restringido
|
| 942 |
|
|
|c BOOK
|
| 999 |
0 |
|
|a Civil Law
|